Ч. 2; Теоретические основы электротехники в задачах

Dades bibliogràfiques
Parent link:Теоретические основы электротехники в задачах: учебное пособие/ П. П. Галинский [и др.]; Томский политехнический университет, Кафедра теоретических основ электротехники. Ч. 2.— , 1975
Idioma:rus
Publicat: 1975
Matèries:
Format: MixedMaterials Llibre
KOHA link:https://koha.lib.tpu.ru/cgi-bin/koha/opac-detail.pl?biblionumber=51197

MARC

LEADER 00000nam2a2200000 4500
001 51197
005 20231031035005.0
035 |a (RuTPU)RU\TPU\book\53600 
090 |a 51197 
100 |a 20030428d1975 m y0rusy50 ca 
101 0 |a rus 
102 |a RU 
105 |a a j 001zy 
200 0 |a Ч. 2 
210 |d 1975 
215 |a 293 с.  |c ил. 
320 |a Библиогр.: с. 290 
461 1 |0 (RuTPU)RU\TPU\book\53598  |t Теоретические основы электротехники в задачах  |o учебное пособие  |f П. П. Галинский [и др.]  |g Томский политехнический университет, Кафедра теоретических основ электротехники  |v Ч. 2  |d 1975 
610 1 |a учебные пособия 
610 1 |a линейные электрические цепи 
610 1 |a переходные процессы 
610 1 |a периодические несинусоидальные токи 
610 1 |a сосредоточенные параметры 
610 1 |a нелинейные цепи 
610 1 |a магнитные цепи 
610 1 |a труды учёных ТПУ 
675 |a 621.3(076)  |v 3 
801 1 |a RU  |b 63413507  |c 20030428  |g PSBO 
801 2 |a RU  |b 63413507  |c 20200714  |g PSBO 
942 |c BK